HOW TO PAINT FLOWERS AND PLANTS IN WATERCOLOUR (Record no. 933341)

MARC details
000 -LEADER
fixed length control field 00317nam a2200121Ia 4500
008 - FIXED-LENGTH DATA ELEMENTS--GENERAL INFORMATION
fixed length control field 231120s2017 xx 000 0 und d
041 ## - LANGUAGE CODE
Language code of text/sound track or separate title eng
082 ## - DEWEY DECIMAL CLASSIFICATION NUMBER
Classification number 751.42
100 ## - MAIN ENTRY--PERSONAL NAME
Personal name JANET WHITTLE
245 ## - TITLE STATEMENT
Title HOW TO PAINT FLOWERS AND PLANTS IN WATERCOLOUR
260 ## - PUBLICATION, DISTRIBUTION, ETC.
Place of publication, distribution, etc. SEARCH PRESS
Name of publisher, distributor, etc. SEARCH PRESS
Date of publication, distribution, etc. 2017
300 ## - PHYSICAL DESCRIPTION
Extent P-127
Holdings
Withdrawn status Lost status Damaged status Not for loan Home library Current library Date acquired Cost, normal purchase price Total Checkouts Full call number Barcode Date last seen Price effective from Koha item type
        College of Fine Arts, Pune College of Fine Arts, Pune 21/11/2023 1360.00   751.42 FAP-BVA-185 21/11/2023 21/11/2023 Book